Regional Differences in the Labour Market in Slovakia and the Czech Republic
Zhodnotenie a porovnanie vývojových trendov v zamestnanosti a priemerných mzdách v regiónoch Slovenska a Českou republikou a definícia vývojových rozdielov za vybrané časové obdobie: 2007 - 2016.
Salvato in:
| Autore principale: | |
|---|---|
| Altri autori: | , |
| Natura: | Capitolo di libro |
| Lingua: | inglese |
| Soggetti: | |
| Tags: |
Nessun Tag, puoi essere il primo ad aggiungerne!!
|
MARC
| LEADER | 00000naa a2200000 4500 | ||
|---|---|---|---|
| 001 | 0246345 | ||
| 005 | 20180712125344.0 | ||
| 041 | 0 | |a eng | |
| 044 | |a SK | ||
| 245 | 1 | 0 | |a Regional Differences in the Labour Market in Slovakia and the Czech Republic |c Eva Koišová, Jana Masárová, Jozef Habánik |
| 520 | |a Zhodnotenie a porovnanie vývojových trendov v zamestnanosti a priemerných mzdách v regiónoch Slovenska a Českou republikou a definícia vývojových rozdielov za vybrané časové obdobie: 2007 - 2016. | ||
| 610 | 2 | 0 | |a trh práce |
| 610 | 2 | 0 | |a rozdiely regionálne |
| 610 | 2 | 0 | |a zamestnanosť |
| 610 | 2 | 0 | |a mzdy |
| 610 | 2 | 0 | |a mzdy priemerné |
| 610 | 2 | 0 | |a Česko |
| 610 | 2 | 0 | |a Slovensko |
| 610 | 2 | 0 | |a analýza komparatívna |
| 100 | 1 | |a Koišová, Eva | |
| 700 | 1 | |a Masárová, Jana | |
| 700 | 1 | |a Habánik, Jozef | |